000 00777nam a2200229Ia 4500
008 191130s2005##################000#0#eng##
020 _a9780748614905
022 _a2008425779
040 _aACL
_cACL
082 _a791.43658 MCC
100 _aMcCrisken, Trevor B
245 _aAmerican history and contemporary Hollywood film
_cTrevor B. McCrisken and Andrew Pepper
260 _aEdinburgh
_bEdinburgh University Press
_c2005
300 _axii, 227 p. ; 24 cm.
500 _aIncludes bibliographical references (p. 211-215) and index
650 _aHistorical films - United States - History and criticism
650 _aMotion pictures and history
700 _aPepper, Andrew
990 _aca76ba34ac10000c2c44dc70a3406680
991 _a361164
999 _c244386
_d244386